Senado hace defensa de los derechos humanos: desagravio a los chilenos descendientes de árabes

Guardat en:
Dades bibliogràfiques
Autor corporatiu: Congreso Nacional (Autor)
Format: Llibre
Idioma:espanyol
Publicat: Santiago Congreso Nacional 1971
Matèries:
Etiquetes: Afegir etiqueta
Sense etiquetes, Sigues el primer a etiquetar aquest registre!

MARC

LEADER 00000nam a2200000 a 4500
001 UCI6192
003 CL-VaPUC
008 080425e19710000CL |||||||||||||||||spa|d
082 0 4 |a 323.4  |b CON  |2 21 
110 2 |a Congreso Nacional  |e author  |9 528906 
245 1 0 |a Senado hace defensa de los derechos humanos: desagravio a los chilenos descendientes de árabes 
300 |a 56 p 
942 |c BK 
945 |d 20080425 00:00:00  |a rbrito 
260 |a Santiago  |b Congreso Nacional  |c 1971 
500 |a Donación Padres Capuchinos 
650 0 |a Derechos humanos  |9 223025 
650 0 |a Árabes   |z Chile   |9 528907 
583 |a last modification  |c 20080425 00:00:00  |k Rodrigo Vera 
999 |c 329729  |d 329727 
952 |0 0  |1 0  |4 0  |6 323_400000000000000_CON_1971  |7 0  |8 X  |9 414758  |a FDOBUD  |b FDOBUD  |d 2019-11-22  |i 4431510  |o 323.4 CON 1971  |p 4431510  |r 2019-11-22  |w 2019-11-22  |y BK_X  |k BUD